Demonyms Quiz - Statistics

General Stats
  • This quiz has been taken 16 times
  • The average score is 10 of 15
Answer Stats
Demonym Where? % Correct
Angeleno Los Angeles
100%
Cairene Cairo
93%
Glaswegian Glasgow
93%
Muscovite Moscow
93%
Münchner Munich
93%
Neapolitan Naples
93%
Madrileño Madrid
87%
Capetonian Cape Town
80%
Caraquenian Caracas
67%
Mancunian Manchester
53%
Varsovian Warsaw
47%
Haligonian Halifax
33%
Capitalino Mexico City
33%
Porteño Buenos Aires
20%
Carioca Rio de Janeiro
20%
No matching quizzes found
Score Distribution
Percent of People with Each Score
Percentile by Number Answered
Your Score History
You have not taken this quiz